00550nam a2200169Ia 4500003000900000008004100009040001600050080001600066100001700082245009600099260006800195300001500263650004100278650001900319650002000338700002200358IN-BaIIA211028s9999 xx 000 0 eng d cIIA Library a524-48bTHE aWood, John A 4athe cosmic history of the biogenic elements and compoundscJohn A Wood and Sherwood  Chang aWashingtonbNational Aeronautics and Space Administrationc1985 aviii, 80p. aAstronomy and Astrophysics thesaurus aCosmochemistry aNucleosynthesis aChang, Sherwood